[Event "Cappelle Online Blitz op"]
[Site "Europe Echecs INT"]
[Date "2021.03.07"]
[Round "7"]
[White "Laignel, Quentin"]
[Black "Roche, Laurent"]
[Result "1-0"]
[WhiteElo "1415"]
[BlackElo "1766"]
[PlyCount "39"]
[EventDate "2021.03.07"]
[EventType "swiss (blitz)"]
[EventRounds "11"]
[EventCountry "FRA"]
[SourceTitle "CBM 201 Extra"]
[Source "ChessBase"]
[SourceDate "2021.05.31"]
[SourceVersion "1"]
[SourceVersionDate "2021.05.31"]
[SourceQuality "1"]

1. d4 Nf6 2. Nf3 e6 3. Bf4 c5 4. c3 b6 5. e3 Be7 6. Nbd2 cxd4 7. exd4 Bb7 8. Bd3 0-0 9. 0-0 d6 10. Re1 Nbd7 11. Bc4 Nh5 12. Bg3 Nxg3 13. hxg3 Nf6 14. Qb3 Rc8 15. Bxe6 fxe6 16. Qxe6+ Rf7 17. Ng5 Bd5 18. Nxf7 Bxe6 19. Nxd8 Rxd8 20. Rxe6 1-0

[Event "Cappelle Online Blitz op"]
[Site "Europe Echecs INT"]
[Date "2021.03.07"]
[Round "5"]
[White "Larino Nieto, David"]
[Black "Laignel, Quentin"]
[Result "1-0"]
[WhiteElo "2461"]
[BlackElo "1415"]
[PlyCount "73"]
[EventDate "2021.03.07"]
[EventType "swiss (blitz)"]
[EventRounds "11"]
[EventCountry "FRA"]
[SourceTitle "CBM 201 Extra"]
[Source "ChessBase"]
[SourceDate "2021.05.31"]
[SourceVersion "1"]
[SourceVersionDate "2021.05.31"]
[SourceQuality "1"]

1. Nf3 d5 2. b3 Nf6 3. Bb2 Bf5 4. g3 e6 5. Bg2 c6 6. d3 Bg6 7. 0-0 Nbd7 8. Nbd2 Bd6 9. e4 Bc7 10. e5 Ng8 11. Qe2 Ne7 12. Nh4 Nf5 13. Nxf5 Bxf5 14. Nf3 Bg6 15. Nh4 0-0 16. f4 Re8 17. Nxg6 hxg6 18. h4 Nf8 19. h5 gxh5 20. Qxh5 Nh7 21. Kf2 Bb6+ 22. d4 f6 23. Rh1 Nf8 24. c3 c5 25. Bf1 a6 26. g4 cxd4 27. cxd4 Qc7 28. Bd3 Qe7 29. a3 fxe5 30. fxe5 Qf7+ 31. Ke3 Qxh5 32. Rxh5 Re7 33. g5 Kf7 34. Rf1+ Ke8 35. Rxf8+ Kxf8 36. Rh8+ Kf7 37. g6# 1-0

[Event "Cappelle Online Rapid op"]
[Site "Europe Echecs INT"]
[Date "2021.03.06"]
[Round "8"]
[White "Laignel, Quentin"]
[Black "Mallevaey, Guillaume"]
[Result "0-1"]
[WhiteElo "1415"]
[BlackElo "1804"]
[PlyCount "90"]
[EventDate "2021.03.06"]
[EventType "swiss (rapid)"]
[EventRounds "9"]
[EventCountry "FRA"]
[SourceTitle "CBM 201 Extra"]
[Source "ChessBase"]
[SourceDate "2021.05.31"]
[SourceVersion "1"]
[SourceVersionDate "2021.05.31"]
[SourceQuality "1"]

1. d4 d5 2. Bf4 Nf6 3. e3 c5 4. c3 Nc6 5. Nd2 e6 6. Bd3 Bd6 7. Bg3 0-0 8. Ngf3 h6 9. Ne5 Bxe5 10. dxe5 Nd7 11. f4 c4 12. Bc2 Qb6 13. Bf2 Qxb2 14. 0-0 Qxc3 15. Nf3 f5 16. Nd4 Nxd4 17. exd4 Qa5 18. Be1 Qd8 19. Bb4 Re8 20. g4 a5 21. Ba3 Qh4 22. gxf5 exf5 23. Bxf5 Nf8 24. Qc2 b5 25. Bd6 Be6 26. Bxf8 Bxf5 27. Qxf5 Rxf8 28. Qe6+ Kh8 29. Qxd5 Rad8 30. Qe4 c3 31. a3 c2 32. Rac1 Rc8 33. e6 Rfe8 34. Rxc2 Rxc2 35. Qxc2 Qg4+ 36. Qg2 Qxe6 37. f5 Qf6 38. Qg6 Qxd4+ 39. Kg2 Re2+ 40. Kg3 Qe5+ 41. Rf4 Re4 42. Qg4 Re3+ 43. Kh4 Qf6+ 44. Kh5 Rh3+ 45. Qxh3 Qg5# 0-1

[Event "FRA-ch Blitz Online Qual"]
[Site "Europe Echecs INT"]
[Date "2020.05.16"]
[Round "4"]
[White "Partac, Elena"]
[Black "Laignel, Quentin"]
[Result "0-1"]
[WhiteElo "2079"]
[BlackElo "1420"]
[PlyCount "104"]
[EventDate "2020.05.16"]
[EventType "swiss (blitz)"]
[EventRounds "15"]
[EventCountry "FRA"]
[SourceTitle "CBM 196 Extra"]
[Source "ChessBase"]
[SourceDate "2020.07.31"]
[SourceVersion "1"]
[SourceVersionDate "2020.07.31"]
[SourceQuality "1"]

1. e4 d5 2. exd5 Qxd5 3. Nc3 Qd8 4. d4 Nf6 5. Nf3 Bg4 6. Be2 c6 7. Be3 e6 8. h3 Bh5 9. Qd2 Nbd7 10. 0-0 Bb4 11. Qd3 Bg6 12. Qd1 0-0 13. Nb1 Nd5 14. c3 Be7 15. Bd2 Qb6 16. b3 Bf6 17. Na3 Qc7 18. Nc4 N7b6 19. Nce5 Bxe5 20. Nxe5 Nd7 21. Nxg6 hxg6 22. Bf3 Ne7 23. Bg5 Nf5 24. Qd2 Nf6 25. Rad1 Rad8 26. Bf4 Qb6 27. Be5 Nd7 28. Bf4 Nf6 29. Bg5 Rd7 30. Rfe1 Nh7 31. Bf4 Nf6 32. Be5 Nh7 33. Be4 Ne7 34. Qe3 Nf5 35. Bxf5 exf5 36. Qg3 Qd8 37. Bf4 Re8 38. Be5 Rde7 39. Rf1 Nf8 40. Rd2 f6 41. Bf4 Re6 42. Rdd1 g5 43. Bc1 Qd6 44. Qxd6 Rxd6 45. Rde1 Rde6 46. Rxe6 Rxe6 47. Rd1 Rd6 48. Kf1 Ne6 49. Ke2 Kf7 50. Kf3 g6 51. Re1 Rd7 52. g3 Re7 0-1